[Event "Bayern Regionalliga Northeast 2003/04"]
[Site "masterchessopen.com Bayern (Germany)"]
[Date "2004.03.28"]
[Round "8"]
[White "Muehl Theobald"]
[Black "Hlavac Rudolf (CZE)"]
[Result "1-0"]
[WhiteElo "2149"]
[BlackElo "2150"]

1.Nf3 Nf6 2.g3 g6 3.Bg2 Bg7 4.c4 O-O 5.Nc3 d5 6.cxd5 Nxd5 7.O-O c5 8.d4 Nxc3
9.bxc3 Nc6 10.e3 Bf5 11.Nh4 Bd7 12.Bd2 Qc7 13.Rb1 Rab8 14.Qe2 b5 15.c4 bxc4
16.Qxc4 cxd4 17.exd4 Rxb1 18.Rxb1 Qd6 19.d5 Ne5 20.Qe4 Rb8 21.Nf3 Bf5 22.Rxb8+
Qxb8 23.Qb4 Nxf3+ 24.Bxf3 Qc7 25.Kg2 h5 26.Be3 Be5 27.Qa4 a5 28.Bd2 Bc3
29.Qe8+ Kg7 30.Bxc3+ Qxc3 31.Qxe7 Qd4 32.d6 Be6 33.Qc7 a4 34.h4 a3 35.Bc6 Bd5+
36.Bxd5 Qxd5+ 37.Kh2 Qd2 38.Qc5 Qxa2 39.Qd4+ Kh7 40.d7 {#r} 1-0

[Event "Bayern Regionalliga Southwest"]
[Site "masterchessopen.com Germany"]
[Round "3"]
[White "Baeurle Stefan"]
[Black "Petursson Palmi"]
[Result "0-1"]
[WhiteElo "1975"]
[BlackElo "2185"]

1.Nf3 Nf6 2.c4 c5 3.g3 g6 4.Bg2 Bg7 5.O-O O-O 6.Nc3 d5 7.cxd5 Nxd5 8.d4 cxd4
9.Nxd4 Nxc3 10.bxc3 e5 11.Nb5 Qa5 12.c4 Rd8 13.Qe1 Qxe1 14.Rxe1 Nc6 15.Bg5 Rd7
16.Red1 h6 17.Be3 Nd4 18.Bxd4 exd4 19.Rab1 a6 20.Na3 Rc7 21.Bd5 Bf5 22.Rb6 Re8
23.Rd2 d3 24.e3 Bc3 25.Rd1 d2 26.Nb1 Ba5 27.Rb2 Bg4 28.f3 Rxe3 29.Nxd2 Bc8
30.Kf2 Rd3 31.Ke2 Ra3 32.Ne4 Re7 33.Kf2 Kg7 34.Nd6 Be6 35.Bxe6 Rxe6 36.Nxb7
Ree3 37.Nxa5 Rxf3+ 38.Kg2 Rfc3 39.Rd5 Ra4 40.Nc6 {#R} 0-1

[Event "Belgrade Premier League"]
[Site "masterchessopen.com Belgrade (Serbia)"]
[Date "2010.10.02"]
[Round "2"]
[White "Radusinovic Lazar (SRB)"]
[Black "Vujicic Mirko (SRB)"]
[Result "1-0"]
[WhiteElo "2257"]
[BlackElo "2311"]

1.d4 Nf6 2.c4 g6 3.Nc3 d5 4.Nf3 Bg7 5.cxd5 Nxd5 6.g3 O-O 7.Bg2 c5 8.O-O Nc6
9.e3 Be6 10.Ng5 Nxc3 11.bxc3 Bc4 12.Re1 e5 13.Qa4 Na5 14.dxc5 Rc8 15.Ne4 f5
16.Rd1 Bb3 17.Rxd8 Bxa4 18.Rxc8 Rxc8 19.Nd6 Rc7 20.Bd5+ Kf8 21.Ba3 Nc6 22.Rb1
e4 23.c4 Be5 24.Rxb7 Rxb7 25.Nxb7 Ke8 26.g4 Kd7 27.gxf5 gxf5 28.Nd6 Ne7 29.Bf7
Bc2 30.Be8+ Kc7 31.Bb4 f4 32.Nf7 Bb2 33.Ba5+ Kb8 34.c6 fxe3 35.fxe3 Ba3 36.Bd7
Bc5 37.c7+ Kb7 38.Nd8+ Ka6 39.Bd2 Kb6 40.c8=Q Nxc8 41.Bxc8 a5 42.Ne6 a4
43.Nxc5 Kxc5 44.a3 Kxc4 45.Kf2 {#r} 1-0

[Event "Bundesliga 1985/86"]
[Site "masterchessopen.com Germany"]
[Round "0"]
[White "Kestler Hans-Guenther (GER)"]
[Black "Hessenbruch Arne (LUX)"]
[Result "1-0"]
[WhiteElo "2323"]
[BlackElo "2205"]

1.c4 Nf6 2.Nf3 g6 3.g3 Bg7 4.Bg2 O-O 5.O-O d5 6.cxd5 Nxd5 7.Nc3 c5 8.d4 cxd4
9.Nxd4 Nxc3 10.bxc3 e5 11.Nb5 Qa5 12.c4 Nc6 13.Bd2 Qd8 14.c5 Bg4 15.h3 Be6
16.Nd6 Qd7 17.Kh2 Rab8 18.Qa4 e4 19.Rad1 f5 20.f3 exf3 21.exf3 Nd4 22.Qxd7
Bxd7 23.Bc3 Ne6 24.Bxg7 Kxg7 25.Nxf5+ Rxf5 26.Rxd7+ Rf7 27.Rd5 Rc8 28.Rc1 Rfc7
29.h4 Kf6 30.Rd6 Rxc5 31.Re1 Re8 32.f4 Rb5 33.Bd5 Rb6 34.Rxb6 axb6 35.g4 Nc7
36.Rxe8 Nxe8 37.Bxb7 h6 38.Kg3 Nd6 39.Bc6 b5 40.Bd5 b4 41.Kf3 Nb5 42.Bc4 Nc3
43.Ke3 h5 44.g5+ Kf5 45.Kf3 Nd1 46.Bd3+ Ke6 47.Bxg6 Nc3 48.Bd3 Kd5 {#r} 1-0

[Event "Bundesliga B East 2009/10"]
[Site "masterchessopen.com Austria"]
[Date "2010.03.28"]
[Round "9"]
[White "Orlovic Veljko (SRB)"]
[Black "Heiny Johannes (AUT)"]
[Result "0-1"]
[WhiteElo "2093"]
[BlackElo "2263"]

1.d4 Nf6 2.Nf3 g6 3.c4 Bg7 4.Nc3 O-O 5.g3 d5 6.cxd5 Nxd5 7.Bg2 c5 8.O-O cxd4
9.Nxd4 Nxc3 10.bxc3 Qc7 11.Qb3 Nc6 12.Nxc6 bxc6 13.Be3 Be6 14.Qa3 Bd5 15.Rab1
Rfd8 16.Bc5 Bxg2 17.Kxg2 Rd7 18.e3 Qe5 19.Kg1 Qxc3 20.Bxe7 Qxa3 21.Bxa3 Rd2
22.Rb7 Rxa2 23.Bc5 a5 24.Rd1 Ra1 25.Rxa1 Bxa1 26.Kf1 a4 27.Ba3 Bg7 28.Rb1 Bf8
29.Ra1 Bxa3 30.Rxa3 Kf8 31.Ke2 Ke7 32.Kd3 Kd6 33.Kc4 c5 34.e4 Kc6 35.e5 g5
36.f4 gxf4 37.gxf4 Rd8 38.Rf3 Rd4+ 39.Kc3 Kd5 40.Rf1 Ke4 41.Rg1 Kxf4 42.Rg7 h5
43.Rxf7+ Kxe5 44.Rc7 Kd5 45.Rg7 Rh4 46.Rg5+ Kc6 47.Rg2 Kb5 48.Rb2+ Rb4 49.Rg2
Rb3+ 50.Kc2 Rh3 51.Kb1 Kb4 52.Ka1 a3 53.Rf2 Kb3 54.Re2 c4 55.Rf2 c3 56.Kb1 Rd3
{#R} 0-1

[Event "Ch \"]
[Site "masterchessopen.com Kiev (Ukraine)"]
[Round "4"]
[White "Pelts Roman (CAN)"]
[Black "Bakhmatov Eduard (GER)"]
[Result "1-0"]
[WhiteElo "2417"]
[BlackElo "2319"]

1.d4 Nf6 2.c4 g6 3.Nc3 d5 4.Nf3 Bg7 5.g3 O-O 6.cxd5 Nxd5 7.Bg2 c5 8.O-O cxd4
9.Nxd4 Nxc3 10.bxc3 Qa5 11.Qb3 Nc6 12.e3 Qc7 13.Ba3 Rd8 14.Qc4 Rb8 15.Rab1 Rd7
16.Qc5 Nxd4 17.cxd4 Qxc5 18.dxc5 Rc7 19.c6 b6 20.Rfd1 Bf5 21.Rbc1 a5 22.Rd2 b5
23.Bc5 b4 24.Rcd1 Bf8 25.Rd8 Rb5 26.Bd4 Be6 27.Bf1 Rd5 28.Rxd5 Bxd5 29.Be5
Rxc6 30.Rxd5 f6 31.Bd4 e5 32.Ba7 a4 33.Bb5 Rc1+ 34.Kg2 b3 35.axb3 axb3 36.Bd3
Rc3 37.Bb1 Rc1 38.Be4 f5 39.Rb5 fxe4 40.Rxb3 Kf7 41.Rb7+ Kf6 42.Rxh7 Bg7
43.Bb8 Rc5 44.h4 Rb5 45.Bc7 Rc5 46.Bd8+ Kf7 47.h5 gxh5 48.Rxh5 Rd5 49.Bh4 Rd2
50.Rf5+ Ke6 51.Rg5 Kf7 52.Rg4 Bh6 53.Rxe4 Ke6 54.g4 Rd7 55.Bg3 Bg7 56.Bxe5
{#r} 1-0

[Event "Ch ASEAN (juniors) (under 18)"]
[Site "masterchessopen.com Kuala Lumpur (Malaysia)"]
[Round "9"]
[White "Ngo Ngoc Quang (VIE)"]
[Black "Vu Dinh Hung (VIE)"]
[Result "1-0"]
[WhiteElo "2285"]
[BlackElo "2191"]

1.c4 Nf6 2.Nf3 g6 3.g3 Bg7 4.Bg2 O-O 5.Nc3 d5 6.cxd5 Nxd5 7.O-O c5 8.d4 Nxc3
9.bxc3 Nc6 10.e3 Be6 11.Qa4 cxd4 12.Nxd4 Nxd4 13.cxd4 Bd5 14.Bxd5 Qxd5 15.Ba3
Bf6 16.Rfc1 Rfc8 17.Qb3 Qe4 18.Bb2 h5 19.h4 g5 20.hxg5 Bxg5 21.Qb5 Qg4 22.Kg2
h4 23.Qe5 Bf6 24.Qf4 Qg6 25.Rxc8+ Rxc8 26.Rc1 Rxc1 27.Bxc1 Qc2 28.Ba3 Qxa2
29.Qg4+ Kf8 30.Qc8+ Kg7 31.Qg4+ Kf8 32.Qc8+ Kg7 33.Qg4+ Kh6 34.Bc1 {#r} 1-0

[Event "Ch Asia"]
[Site "masterchessopen.com Cebu (Philippines)"]
[Date "2007.09.21"]
[Round "3"]
[White "Ravi Lanka (IND)"]
[Black "Sevillano Voltaire (PHI)"]
[Result "0-1"]
[WhiteElo "2388"]
[BlackElo "2250"]

1.d4 Nf6 2.c4 g6 3.Nc3 d5 4.Nf3 Bg7 5.cxd5 Nxd5 6.g3 O-O 7.Bg2 c5 8.O-O cxd4
9.Nxd4 Nxc3 10.bxc3 Qc7 11.Qb3 Na6 12.Nb5 Qa5 13.a4 Nc5 14.Qa3 a6 15.Qxc5 axb5
16.Bb2 bxa4 17.Qxe7 Qb5 18.Ba3 Re8 19.c4 Rxe7 20.cxb5 Bxa1 21.Bxe7 Bb2 22.Rd1
Be6 23.Bxb7 Ra7 24.Rd8+ Kg7 25.Bf8+ Kf6 26.Bd5 Bxd5 27.Rxd5 a3 28.b6 a2
29.bxa7 a1=Q+ 30.Kg2 Qxa7 31.Rd6+ Ke5 32.Rd8 Qb7+ 33.f3 Qb5 34.Kf1 f6 35.Bd6+
Ke6 36.Rb8 Qa5 37.Bf4 Qa1+ 38.Kg2 Bd4 39.e3 Qa2+ 40.Kh3 Bc5 41.Rc8 Qc4 42.Rc6+
Kd7 43.Rc7+ Kd8 44.Rxh7 g5 45.Bc7+ Ke8 46.e4 Be7 47.Rh8+ Kd7 48.Bb8 f5 {#R}
0-1

[Event "Ch Austria (juniors) (under 20)"]
[Site "masterchessopen.com Austria"]
[Round "9"]
[White "Rockenschaub Manfred (AUT)"]
[Black "Neubauer Martin (AUT)"]
[Result "1-0"]
[WhiteElo "2175"]
[BlackElo "2431"]

1.Nf3 g6 2.g3 Bg7 3.Bg2 Nf6 4.d4 O-O 5.O-O d5 6.c4 c5 7.cxd5 Nxd5 8.Nc3 Nxc3
9.bxc3 Qa5 10.Bd2 Rd8 11.Qb3 Nc6 12.Rfd1 Qa6 13.e3 Be6 14.Qb1 Rac8 15.Bf1 Qa3
16.Ng5 Bd7 17.Bc4 Be8 18.Bb3 cxd4 19.cxd4 b6 20.Qd3 Qd6 21.Ne4 Qb8 22.Qa6 Qa8
23.Rac1 Rc7 24.d5 Nb8 25.Qd3 Rxc1 26.Bxc1 Nd7 27.Ba3 Qb7 28.f4 Nf6 29.Nxf6+
Bxf6 30.e4 e5 31.Bb2 Qc7 32.Qc3 Qd7 33.Rc1 Qg4 34.Bd1 Qh3 35.fxe5 Bg7 36.Be2
Bd7 37.Qf3 h5 38.Rf1 Rf8 39.Qf2 h4 40.gxh4 Ba4 41.Qf4 Qd7 42.h5 Qe7 43.h6 Bh8
44.Rf3 b5 45.h7+ Kxh7 46.Rh3+ Kg8 47.Qh6 Bxe5 48.Qh7# 1-0

[Event "Ch BRD (juniors)"]
[Site "masterchessopen.com BRD"]
[Round "0"]
[White "Joachim Sven (GER)"]
[Black "Mann Christian (GER)"]
[Result "0-1"]
[WhiteElo "2451"]
[BlackElo "2448"]

1.d4 Nf6 2.c4 g6 3.g3 d5 4.cxd5 Nxd5 5.Bg2 Bg7 6.Nf3 O-O 7.O-O c5 8.Nc3 Nxc3
9.bxc3 Qa5 10.Qb3 Nc6 11.Be3 Be6 12.Qxb7 Rfc8 13.Ne5 Nxe5 14.dxe5 Rab8 15.Qxe7
Bxe5 16.Rfd1 Bxc3 17.Rac1 Bd4 18.Bf4 Re8 19.Qh4 Rb2 20.Bh6 Rxe2 21.Bf3 Rxf2
22.Rxd4 Rxf3 23.Rf4 Rxf4 24.Qxf4 Bf5 25.g4 Bxg4 26.Qxg4 Qxa2 27.Rf1 Qd5 28.Qf4
Qd4+ 29.Qxd4 cxd4 30.Rd1 Rd8 31.Rd3 f6 32.Be3 Kf7 33.Rxd4 Rxd4 34.Bxd4 a5
35.Kf2 Ke6 36.Ke3 f5 37.Bc3 a4 38.Kd4 g5 39.Bb4 h5 40.Ba3 h4 41.Ke3 Ke5
42.Bb2+ Kd5 43.h3 g4 44.hxg4 fxg4 45.Kf2 Kc4 {#R} 0-1

[Event "Ch Belarus"]
[Site "masterchessopen.com Minsk (Belarus)"]
[Date "2012.01.14"]
[Round "3"]
[White "Lomako Pavel (BLR)"]
[Black "Teterev Vitaly (BLR)"]
[Result "0-1"]
[WhiteElo "2385"]
[BlackElo "2538"]

1.c4 Nf6 2.Nc3 g6 3.g3 Bg7 4.Bg2 O-O 5.Nf3 d5 6.cxd5 Nxd5 7.O-O c5 8.d4 Nxc3
9.bxc3 Nc6 10.e3 Qa5 11.Qb3 Rd8 12.Nd2 Bd7 13.Rb1 Rab8 14.Qa3 cxd4 15.cxd4 Bf5
16.Ne4 e5 17.Qxa5 Nxa5 18.Rb5 Nc4 19.dxe5 Bxe5 20.Nc5 Nd6 21.Rb3 b6 22.Nd3 Bg7
23.Nb4 Rbc8 24.Nc6 Rd7 25.Ba3 Nc4 26.Rc1 Nxa3 27.e4 Be6 28.Rxa3 Rxc6 29.Rxc6
Rd1+ 30.Bf1 Bh3 {#R} 0-1

[Event "Ch Bosnia & Herzegovina (team)"]
[Site "masterchessopen.com Vogosca (Bosnia & Herzegovina)"]
[Date "2007.06.08"]
[Round "7"]
[White "Batinic Predrag (BIH)"]
[Black "Galic Ivan (CRO)"]
[Result "1-0"]
[WhiteElo "2263"]
[BlackElo "2255"]

1.Nf3 Nf6 2.c4 g6 3.g3 Bg7 4.Bg2 O-O 5.Nc3 d5 6.cxd5 Nxd5 7.d4 c5 8.O-O cxd4
9.Nxd4 Nxc3 10.bxc3 a6 11.Qb3 Qc7 12.Be3 Nd7 13.Rab1 Rb8 14.f4 e6 15.c4 Nf6
16.Nc6 bxc6 17.Qxb8 Qa5 18.Qb4 Qh5 19.Bc5 Re8 20.Bf3 Ng4 21.Bxg4 Qxg4 22.Qd2
e5 23.Rb8 exf4 24.Rxf4 Qe6 25.Qd3 Be5 26.Re4 Bxb8 27.Rxe6 Bxe6 28.Qe4 Bd7
29.Qd4 Bf5 30.Be7 h5 31.e4 Be6 32.a4 Bc7 33.Bf6 Kh7 34.Kg2 Rb8 35.Qa7 Rc8
36.Qxa6 Bd6 37.a5 g5 38.e5 Bc5 39.Qb7 h4 40.a6 h3+ 41.Kf3 Kg6 42.g4 {#r} 1-0

[Event "Ch Bulgaria"]
[Site "masterchessopen.com Bulgaria"]
[Round "-41"]
[White "Ninov Kiril (BUL)"]
[Black "Donchev Dimitar I (BUL)"]
[Result "0-1"]
[WhiteElo "2515"]
[BlackElo "2436"]

1.Nf3 Nf6 2.c4 g6 3.g3 Bg7 4.Bg2 O-O 5.d4 d5 6.cxd5 Nxd5 7.O-O c5 8.Nc3 Nxc3
9.bxc3 cxd4 10.Nxd4 Qa5 11.Qb3 Nc6 12.Nxc6 bxc6 13.Ba3 Be6 14.Bb4 Qa6 15.Qa3
Qxa3 16.Bxa3 Bxc3 17.Rac1 Bf6 18.Rxc6 Rac8 19.Ra6 Rc7 20.Rc1 Rxc1+ 21.Bxc1 Rd8
22.Rxe6 {#R} 0-1

[Event "Ch Bulgaria (team) (2 div)"]
[Site "masterchessopen.com Albena (Bulgaria)"]
[Date "2010.05.29"]
[Round "4"]
[White "Radulov Ivan (BUL)"]
[Black "Shishkov Minko (BUL)"]
[Result "1-0"]
[WhiteElo "2280"]
[BlackElo "2286"]

1.Nf3 g6 2.g3 Bg7 3.d4 c5 4.Bg2 Nf6 5.O-O O-O 6.c4 d5 7.cxd5 Nxd5 8.Nc3 Nxc3
9.bxc3 Qa5 10.Bb2 Nc6 11.Nd2 cxd4 12.cxd4 Qh5 13.e3 Bg4 14.Qb3 Rfd8 15.Rac1
Rab8 16.Rc5 Qh6 17.Ne4 Bd7 18.Rfc1 Be8 19.d5 Ne5 20.Rc7 Rd7 21.Rc8 Rd8 22.Rxd8
Rxd8 23.Qxb7 Ng4 24.h3 Bxb2 25.Qxb2 Nxe3 26.fxe3 Qxe3+ 27.Kh2 f5 28.Nc5 Bf7
29.Qc3 Qg5 30.h4 Qh6 31.Re1 g5 32.Rxe7 gxh4 33.Ne6 hxg3+ 34.Kg1 Bxe6 35.Qxg3+
Qg6 36.Qxg6+ hxg6 37.dxe6 a6 38.Rd7 Re8 39.Ra7 Kf8 40.Rf7+ Kg8 41.Bd5 Rd8
42.e7 {#r} 1-0

[Event "Ch Catalunia (team)"]
[Site "masterchessopen.com Catalunia (Spain)"]
[Round "4"]
[White "Santos Izquierdo Daniel (ESP)"]
[Black "Collado Forner Jose (ESP)"]
[Result "0-1"]
[WhiteElo "2215"]
[BlackElo "2280"]

1.d4 Nf6 2.Nf3 g6 3.c4 Bg7 4.Nc3 d5 5.cxd5 Nxd5 6.g3 O-O 7.Bg2 c5 8.O-O Nxc3
9.bxc3 Nc6 10.e3 Be6 11.Re1 Rc8 12.Nd2 Na5 13.a4 b6 14.Ba3 Qd7 15.Qe2 Rfd8
16.Reb1 Bd5 17.Bf1 Bc6 18.Qa6 e5 19.Bxc5 bxc5 20.Qxa5 exd4 21.cxd4 cxd4 22.e4
Ba8 23.Bd3 Rc3 24.Rb3 Rdc8 25.Re1 Rxb3 26.Nxb3 Rc3 27.Bb5 Qe7 28.Nd2 h5 29.Qa6
Kh7 30.Bf1 Bh6 31.Nb1 Rc6 32.Qb5 Rb6 33.Qc4 Rxb1 34.Rxb1 Qxe4 35.Qxf7+ Bg7
{#R} 0-1

[Event "Ch China (w)"]
[Site "masterchessopen.com Xinghua (China)"]
[Round "5"]
[White "Huang Qian (CHN)"]
[Black "Ding Yixin (CHN)"]
[Result "1-0"]
[WhiteElo "2389"]
[BlackElo "2348"]

1.c4 Nf6 2.Nf3 g6 3.g3 Bg7 4.Bg2 O-O 5.O-O d5 6.cxd5 Nxd5 7.d4 c5 8.Nc3 Nxc3
9.bxc3 Nc6 10.e3 Qc7 11.Bb2 b6 12.Qe2 Bb7 13.d5 Na5 14.e4 Rad8 15.Rac1 Qd6
16.c4 Bxb2 17.Qxb2 Qf6 18.e5 Qg7 19.Nd2 f5 20.f4 e6 21.Nb3 exd5 22.Nxa5 bxa5
23.Rfd1 Qf7 24.Qb3 a4 25.Qf3 Rc8 26.cxd5 c4 27.Qe3 Rfd8 28.e6 Qg7 29.e7 Re8
30.d6 Bxg2 31.Kxg2 Qb2+ 32.Kh3 g5 33.fxg5 {#r} 1-0

[Event "Ch City"]
[Site "masterchessopen.com Warsaw (Poland)"]
[Round "6"]
[White "Barwinski Dionizy (POL)"]
[Black "Kaczorowski Piotr (POL)"]
[Result "0-1"]
[WhiteElo "2255"]
[BlackElo "2093"]

1.d4 Nf6 2.c4 g6 3.Nc3 Bg7 4.Nf3 O-O 5.g3 d5 6.cxd5 Nxd5 7.Bg2 c5 8.O-O cxd4
9.Nxd4 Nxc3 10.bxc3 Qc7 11.Qb3 Nd7 12.Ba3 Re8 13.Rab1 a6 14.Rfd1 Nf6 15.c4 e5
16.Nc2 e4 17.Ne3 Qe5 18.Bb2 Qh5 19.Bxf6 Bxf6 20.Nd5 Bd8 21.Nf4 Qe5 22.Rd5 Qe7
23.Rd4 f5 24.Rbd1 Kh8 25.c5 g5 26.Nh5 Bc7 27.Bh3 Rb8 28.Rd5 Be5 29.Qb6 Rf8
30.Qh6 Bc7 31.Rd7 Bxd7 32.Rxd7 Qxd7 {#R} 0-1

[Event "Ch City Chess (final)"]
[Site "masterchessopen.com Elista (Russia)"]
[Date "2008.07.29"]
[Round "10"]
[White "Borisov Sergey (RUS)"]
[Black "Chub Alexey (RUS)"]
[Result "0-1"]
[WhiteElo "2126"]
[BlackElo "1910"]

1.Nf3 c5 2.c4 Nf6 3.g3 g6 4.Bg2 Bg7 5.O-O d5 6.cxd5 Nxd5 7.Nc3 O-O 8.d4 cxd4
9.Nxd4 Nxc3 10.bxc3 Qa5 11.Qb3 Nc6 12.Be3 Nxd4 13.cxd4 Rb8 14.Rac1 Bg4 15.Rc5
Qa6 16.f3 Bf5 17.Re1 Rfc8 18.d5 Bf6 19.Rxc8+ Rxc8 20.Bf2 Bc2 21.Qb4 Rc4 22.Qd2
Bc3 23.Qe3 Bxe1 24.Bxe1 Qb6 {#R} 0-1

[Event "Ch Commonwealth (open)"]
[Site "masterchessopen.com Ekurhuleni (South Africa)"]
[Date "2011.06.24"]
[Round "8"]
[White "Phiri Richmond (ZAM)"]
[Black "Ristovich Dmitar"]
[Result "1-0"]
[WhiteElo "2166"]
[BlackElo "1939"]

1.d4 Nf6 2.Nf3 g6 3.c4 Bg7 4.Nc3 d5 5.g3 O-O 6.Bg2 c5 7.cxd5 Nxd5 8.O-O cxd4
9.Nxd4 Nxc3 10.bxc3 Nc6 11.Be3 Bd7 12.Rb1 Na5 13.Nb3 Nxb3 14.Qxb3 Bc6 15.Bxc6
bxc6 16.Bc5 Bf6 17.Rfd1 Qa5 18.Bb4 Qe5 19.Qc4 a5 20.Bc5 Qxc3 21.Qxc3 Bxc3
22.Bxe7 Rfb8 23.Rbc1 Rb7 24.Bg5 Bb2 25.Rxc6 a4 26.Rd3 Kg7 27.Kg2 h6 28.Be3 Bf6
29.Kf3 Bb2 30.Bc5 a3 31.e4 h5 32.h3 Kg8 33.Bb6 Kg7 34.Bc5 Kg8 35.Be3 Kg7
36.Rb6 Rc7 37.Rbb3 Kg8 38.Bf4 Rca7 39.Bd6 Kg7 40.Ke2 Rc8 41.Rd2 Rca8 42.f4 Ra4
43.Ke3 Bc1 44.Kf3 Bb2 45.e5 R4a7 46.Bc5 Ra5 47.Be7 R5a7 48.Bf6+ Kh7 49.Rd6 Rc7
50.Rbd3 Rac8 51.Rd8 Rc3 52.Rxc3 Rxd8 53.Rxa3 Rc8 54.Rd3 g5 55.Rd8 Rxd8 56.Bxd8
gxf4 57.gxf4 Ba3 58.f5 Kg7 59.Kf4 Bc1+ 60.Ke4 Ba3 61.e6 {#r} 1-0

[Event "Ch Croatia"]
[Site "masterchessopen.com Marija Bistrica (Croatia)"]
[Date "2011.01.25"]
[Round "9"]
[White "Jankovic Alojzije (CRO)"]
[Black "Jovanovic Zoran (CRO)"]
[Result "1-0"]
[WhiteElo "2584"]
[BlackElo "2589"]

1.d4 Nf6 2.Nf3 g6 3.c4 Bg7 4.Nc3 O-O 5.g3 d5 6.cxd5 Nxd5 7.Bg2 c5 8.O-O cxd4
9.Nxd4 Nb4 10.Be3 N8c6 11.Nxc6 Nxc6 12.Qa4 Nd4 13.Rad1 e5 14.Rd2 Bd7 15.Qd1
Qa5 16.Bxb7 Rab8 17.Bg2 Be6 18.f4 Rfd8 19.fxe5 Nf5 20.Bf2 Bh6 21.b4 Qc7 22.Nd5
Bxd5 23.Rxd5 Be3 24.Qd3 Qb6 25.g4 Bxf2+ 26.Rxf2 Ne3 27.Rf6 Nxd5+ 28.Rxb6 Nxb6
29.Qa6 Rd7 30.a4 Re7 31.a5 Nc8 32.Qc6 Kf8 33.Bd5 a6 34.Qf6 Ke8 35.Qxa6 Rxe5
36.Qc6+ Kd8 37.b5 Rxe2 38.b6 Re7 39.Qf6 h6 40.Kf2 g5 41.h3 Kd7 42.Bc6+ {#r}
1-0

[Event "Ch Croatia (juniors) (under 19)"]
[Site "masterchessopen.com Bjelolasica (Croatia)"]
[Date "2008.07.23"]
[Round "5"]
[White "Kruljac Petra (CRO)"]
[Black "Saric Ivan (CRO)"]
[Result "0-1"]
[WhiteElo "2073"]
[BlackElo "2516"]

1.d4 Nf6 2.c4 g6 3.Nc3 Bg7 4.Nf3 O-O 5.g3 d5 6.cxd5 Nxd5 7.Bg2 c5 8.O-O cxd4
9.Nxd4 Nxc3 10.bxc3 Qc7 11.Qb3 a6 12.Rb1 Nd7 13.Ba3 Bf6 14.Rfc1 Rb8 15.f4 Re8
16.Bd5 e6 17.Bxe6 fxe6 18.Nxe6 Qb6+ 19.Qxb6 Nxb6 20.Nc7 Be7 21.Nxe8 Bxa3
22.Re1 Kf7 23.e3 Na8 {#R} 0-1

[Event "Ch Croatia (team) (1st league) (a)"]
[Site "masterchessopen.com Sibenik (Croatia)"]
[Date "2008.09.04"]
[Round "8"]
[White "Sertic Rudolf (CRO)"]
[Black "Ascic Pero (CRO)"]
[Result "1-0"]
[WhiteElo "2392"]
[BlackElo "2343"]

1.Nf3 Nf6 2.c4 g6 3.Nc3 c5 4.g3 Bg7 5.Bg2 O-O 6.O-O d5 7.cxd5 Nxd5 8.d4 Nxc3
9.bxc3 Nc6 10.e3 e5 11.Ba3 Qa5 12.Bxc5 Rd8 13.Qc1 Be6 14.Nd2 Rac8 15.Qa3 Qxa3
16.Bxa3 exd4 17.cxd4 Nxd4 18.exd4 Rxd4 19.Bc1 Ra4 20.Rb1 b6 21.a3 Rc2 22.Rd1
Bd4 23.Rb4 Rxb4 24.axb4 Bc3 25.b5 Bd4 26.Be4 {#r} 1-0

[Event "Ch Croatia (team) (1st league) (a)"]
[Site "masterchessopen.com Sibenik (Croatia)"]
[Date "2012.09.27"]
[Round "5"]
[White "Golubovic Boris (CRO)"]
[Black "Curic Drazan (CRO)"]
[Result "1-0"]
[WhiteElo "2418"]
[BlackElo "2282"]

1.Nf3 Nf6 2.c4 g6 3.Nc3 Bg7 4.g3 O-O 5.Bg2 c5 6.d4 d5 7.cxd5 Nxd5 8.O-O Nc6
9.Nxd5 Qxd5 10.Be3 Qh5 11.dxc5 Bxb2 12.Rb1 Bg7 13.Qa4 e5 14.Rfd1 h6 15.Rd6 g5
16.Rxb7 Nd4 17.Rb2 {#r} 1-0

[Event "Ch England (team) 2006/07"]
[Site "masterchessopen.com England"]
[Date "2007.03.03"]
[Round "7"]
[White "Buckley Graeme (ENG)"]
[Black "Buckley David (ENG)"]
[Result "1-0"]
[WhiteElo "2378"]
[BlackElo "2240"]

1.d4 Nf6 2.c4 g6 3.Nc3 d5 4.cxd5 Nxd5 5.Nf3 Bg7 6.g3 c5 7.Bg2 O-O 8.O-O cxd4
9.Nxd4 Nxc3 10.bxc3 Nc6 11.Nxc6 bxc6 12.Qa4 Bxc3 13.Rb1 Bf5 14.Rb7 Qd4 15.Qxc6
Qf6 16.Qa4 a5 17.h4 Rfe8 18.Bg5 Qe6 19.Rc7 Bb4 20.Bxa8 Rxa8 21.Qc6 {#r} 1-0

[Event "Ch England (team) 2007/08 (2 div)"]
[Site "masterchessopen.com England"]
[Date "2008.05.05"]
[Round "11"]
[White "Morris Charles F (WLS)"]
[Black "Walker Martin Graham (ENG)"]
[Result "1-0"]
[WhiteElo "2195"]
[BlackElo "2220"]

1.Nf3 Nf6 2.c4 g6 3.g3 Bg7 4.Bg2 d5 5.cxd5 Nxd5 6.Nc3 O-O 7.O-O c5 8.d4 Nc6
9.Nxd5 Qxd5 10.Be3 Rd8 11.Qa4 Qh5 12.dxc5 Bxb2 13.Rad1 Rf8 14.Ng5 Bg4 15.f3
Bc8 16.g4 Qh6 17.Rd3 Qg7 18.Rb1 h6 19.Ne4 Be6 20.Rd2 Bc3 21.Nxc3 Qxc3 22.Rd3
Qc4 23.Qxc4 Bxc4 24.Rd7 Bxe2 25.Rbxb7 Rac8 26.Rbc7 Kh7 27.f4 Bb5 28.Bxc6 Bxc6
29.Rxc8 Rxc8 30.Rxe7 Re8 31.Rxf7+ Kg8 32.Rc7 Bd5 33.Bd4 Re2 34.Rg7+ Kf8
35.Rxg6 Rg2+ 36.Kf1 Rxh2 37.a4 Ra2 38.Be5 Rxa4 39.Rxh6 Rc4 40.g5 a5 41.f5 Be4
42.Rh8+ Ke7 43.Bd6+ Kf7 44.Rf8+ Kg7 45.f6+ Kh7 46.Rf7+ Kh8 47.Ra7 Bg6 48.f7
Bxf7 49.Rxf7 a4 50.Ra7 Rg4 51.c6 Rxg5 52.c7 Rg8 53.Be5+ {#r} 1-0